The archaeology of the Kurdistan Region of Iraq and adjacent regions /
Conference proceedings presenting the first opportunity for leading figures in the burgeoning area of archaeological research in the Kurdish Autonomous Region of Iraq to gather and present all the key new projects which are revolutionising our understanding of the region.
مؤلفون آخرون: ,
التنسيق: كتاب الكتروني
اللغة: English
منشور في:
Oxford :
Archaeopress,
[2016]
الموضوعات:
الوصول للمادة أونلاين: Login to view Source
الوسوم: إضافة وسم
رقم الطلب: DS69.5
| LEADER | 01875nam a2200409 i 4500 | ||
|---|---|---|---|
| 001 | EDZ0001584745 | ||
| 003 | StDuBDS | ||
| 005 | 20230412181757.0 | ||
| 006 | m|||||o||d|||||||| | ||
| 007 | cr ||||||||||| | ||
| 008 | 160713s2016 enka fo 100|0|eng|d | ||
| 020 | |a 9781784913946 (ebook) : |c No price | ||
| 040 | |a StDuBDS |b eng |c StDuBDS |e rda |e pn | ||
| 050 | 4 | |a DS69.5 | |
| 082 | 0 | 4 | |a 956.7200909 |2 23 |
| 245 | 0 | 4 | |a The archaeology of the Kurdistan Region of Iraq and adjacent regions / |c edited by Konstantinos Kopanias and John MacGinnis. |
| 264 | 1 | |a Oxford : |b Archaeopress, |c [2016] | |
| 300 | |a 1 online resource : |b illustrations (black and white, and colour) | ||
| 336 | |a text |2 rdacontent | ||
| 336 | |a still image |2 rdacontent | ||
| 337 | |a computer |2 rdamedia | ||
| 338 | |a online resource |2 rdacarrier | ||
| 500 | |a Conference proceedings. | ||
| 500 | |a Previously issued in print: 2016. | ||
| 520 | 8 | |a Conference proceedings presenting the first opportunity for leading figures in the burgeoning area of archaeological research in the Kurdish Autonomous Region of Iraq to gather and present all the key new projects which are revolutionising our understanding of the region. | |
| 521 | |a Specialized. | ||
| 588 | |a Description based on online resource; title from home page (viewed on November 9, 2016). | ||
| 650 | 0 | |a Archaeology |z Iraq |z Kurdistān |v Congresses. | |
| 651 | 0 | |a Kurdistān (Iraq) |x Antiquities |v Congresses. | |
| 651 | 0 | |a Kurdistān (Iraq) |x Civilization |v Congresses. | |
| 700 | 1 | |a Kopanias, K., |e editor. | |
| 700 | 1 | |a MacGinnis, John, |e editor. | |
| 776 | 0 | 8 | |i Print version : |z 9781784913939 |
| 856 | 4 | 0 | |3 Archaeopress |u http://library.arce.org:8087/Archaeopress/Products/9781784913939 |
| 942 | |2 lcc |c EBOOK | ||
| 952 | |0 0 |1 0 |4 0 |6 DS00695 |7 1 |9 46178 |a ARCH |b ARCH |d 2023-04-12 |l 0 |o DS69.5 |r 2023-04-12 00:00:00 |w 2023-04-12 |y EBOOK | ||
| 999 | |c 51836 |d 51836 | ||
